David Humes political Essays (Record no. 1008387)

MARC details
000 -LEADER
fixed length control field 00466nam a2200181Ia 4500
008 - FIXED-LENGTH DATA ELEMENTS--GENERAL INFORMATION
fixed length control field 151018s9999 xx 000 0 und d
082 ## - DEWEY DECIMAL CLASSIFICATION NUMBER
Item number RBASDV6008
Classification number 824
100 ## - MAIN ENTRY--PERSONAL NAME
Personal name Hume David
245 ## - TITLE STATEMENT
Title David Humes political Essays
250 ## - EDITION STATEMENT
Remainder of edition statement 1
260 ## - PUBLICATION, DISTRIBUTION, ETC. (IMPRINT)
Name of publisher, distributor, etc The Liberal Art Press
Date of publication, distribution, etc 1953
300 ## - PHYSICAL DESCRIPTION
Extent 166
600 ## - SUBJECT ADDED ENTRY--PERSONAL NAME
Personal name Hume David
630 ## - SUBJECT ADDED ENTRY--UNIFORM TITLE
Uniform title David Humes political Essays
700 ## - ADDED ENTRY--PERSONAL NAME
Personal name Hume David
730 ## - ADDED ENTRY--UNIFORM TITLE
Uniform title David Humes political Essays
942 ## - ADDED ENTRY ELEMENTS (KOHA)
Koha item type Book
Holdings
Withdrawn status Lost status Damaged status Not for loan Home library Current library Date acquired Cost, normal purchase price Total Checkouts Full call number Barcode Date last seen Cost, replacement price Price effective from Koha item type
        R.B. Anant Shivaji Desai Vachanalaya and Granthalaya, Kudal R.B. Anant Shivaji Desai Vachanalaya and Granthalaya, Kudal 01/08/1966 7.00   RBASDV6008 RBASDV6008 10/18/2015 7.00 10/18/2015 Book